Polen, Deutsche und Juden in Lodz 1820 - 1939. - Osnabrück : fibre. - 1999 [Rezension]
| Titel: | Polen, Deutsche und Juden in Lodz 1820 - 1939. - Osnabrück : fibre. - 1999 [Rezension] |
|---|---|
| Verfasser: | |
| In: |
Judaica, Band 56 (2000), Seite 284-285 alle Artikel anzeigen |
| Veröffentlicht: | 2000 |
| Format: | Aufsatz |
| Sprache: | Deutsch |
X
alg: 39495291 001A $01999:12-11-16 001B $01999:04-08-21 $t21:00:16.000 001C $06050:23-02-17 $t16:44:26.000 001D $01999:12-11-16 001U $0utf8 001X $00 002@ $0Aox 003@ $039495291X 007A $039495291X $aHEB 007T $0Herdd00290 010@ $ager 011@ $a2000 021A $aPolen, Deutsche und Juden in Lodz 1820 - 1939. - Osnabrück : fibre. - 1999 [Rezension] 028A $7109231279 $8Schreiner, Stefan$Z1947- [Tp1] $9143931636 031A $d56 $h284-285 $j2000 039B $aIn $8--Abvc--. Judaica. - Zürich : Zürcher Institut für Interreligiösen Dialog (ZIID), 1945-[2018]. - ISSN 0022-572X $x200000000560000716 $9047669764 039T $8--Aau--. Polen, Deutsche und Juden in Lodz 1820 - 1939. - Osnabrück : fibre, 1999. - 370 S.. - Ill.. - ISBN 3-929759-41-1 $9071877517 045F $a900.9438 $eDDC23BSB 045F/01 $a900 045F/03 $g438 045T $a7,7 $a1 $a0 045T $aJUDAICA $qDE-30 $2FID lok: 39495291 78 exp: 39495291 78 1 #EPN 201B/01 $018-11-16 $t13:14:59.000 201U/01 $0utf8 203@/01 $0791251497 208@/01 $a12-11-16 $be 209A/01 $a/ $f000 $x00 220C/01 $aTitelaufnehmer: dt 244Z/01 $2Trx $#Poola $#Lenkija $#Polija $#Polen Land $#Poland $#Lengyelország $#Poľsko $#Polsko $8--Trx--Polska$gkraj $x01 $9391345966 244Z/01 $2Trx $#arvustused $#recenzijos $#Reviews $#recenziók $#recenzje $#recenzie $#recenze $8--Trx--Rezensionen $x02 $9391357441 247C/01 $82080>Marburg/Lahn, Herder-Institut, Forschungsbibliothek, Bibliographieportal $9336309341
| LEADER | 00000caa a22000002c 4500 | ||
|---|---|---|---|
| 001 | 39495291X | ||
| 003 | DE-603 | ||
| 005 | 20210804210016.0 | ||
| 007 | tu | ||
| 008 | 161112s2000 xx |||| | u00||u|ger c | ||
| 035 | |a (DE-599)HEB39495291X | ||
| 040 | |a DE-603 |b ger |c DE-603 |d DE-603 | ||
| 041 | |a ger | ||
| 082 | 0 | 4 | |8 1\u |a 900.9438 |q DE-101 |2 23/BSB |
| 084 | |a 7,7 |a 1 |a 0 |2 ssgn | ||
| 084 | |a JUDAICA |q DE-30 |2 fid | ||
| 085 | |8 1\u |b 900 | ||
| 085 | |8 1\u |z 2 |s 438 | ||
| 100 | 1 | |a Schreiner, Stefan |d 1947- |0 (DE-603)143931636 |0 (DE-588)109231279 |2 gnd | |
| 245 | 0 | 0 | |a Polen, Deutsche und Juden in Lodz 1820 - 1939. - Osnabrück : fibre. - 1999 [Rezension] |
| 264 | 0 | |c 2000 | |
| 773 | 0 | 8 | |i In |t Judaica |d Zürich : Zürcher Institut für Interreligiösen Dialog (ZIID), 1945-[2018] |x 0022-572X |g Band 56 (2000), Seite 284-285 |w (DE-603)047669764 |w (DE-600)501373-2 |
| 787 | 0 | 8 | |i Rezension von |t Polen, Deutsche und Juden in Lodz 1820 - 1939 |d Osnabrück : fibre, 1999 |h 370 S., Ill. |z 3929759411 |w (DE-603)071877517 |
| 924 | 0 | |9 2080 |a (DE-603)791251497 |b DE-2080 |c HES |d d |g / | |


